000 00706nam a22002057a 4500
999 _c8166
_d8166
003 AR-CdUCM
008 190322b ||||| |||| 00| 0 spa d
040 _aMUNICIPALIDAD PROVINCIAL DEL CUSCO
_cBIBLIOTECA MUNICIPAL DEL CUSCO
082 _a107 /
_bM22
100 _aMantovani, Juan
_9125
245 _aFilósofos y Educadores /
260 _aBuenos Aires :
_bEl Ateneo,
_c1962.
300 _a145 páginas ;
_c19 cm.
505 _aContenido: Comenio, precursor de la educación del pueblo -- William James, el hombre y el educador -- La Pedagogía de Ortega y Gasset ...
650 _aFilosofía
_9395
650 _aEducadores
_91065
650 _aBiografía
_922
942 _2ddc
_cLIBROS
945 _aachl